Almanach reklamy a médií na Slovensku 2006
Gespeichert in:
| Format: | Buch |
|---|---|
| Sprache: | Slowakisch |
| Veröffentlicht: |
Bratislava
Sanoma Magazines Slovakia
2006
|
| Schlagworte: | |
| Tags: |
Keine Tags, Fügen Sie das erste Tag hinzu!
|
MARC
| LEADER | 00000nam$a2200000$$$4500 | ||
|---|---|---|---|
| 001 | 0052220 | ||
| 005 | 20240325081028.8 | ||
| 020 | |a 80-89091-06-7 | ||
| 041 | 0 | |a slo | |
| 044 | |a SK | ||
| 245 | 1 | 0 | |a Almanach reklamy a médií na Slovensku 2006 |
| 264 | 1 | |a Bratislava |b Sanoma Magazines Slovakia |c 2006 | |
| 300 | |a 257 s. | ||
| 610 | 2 | 0 | |a reklama |
| 610 | 2 | 0 | |a médiá |
| 610 | 2 | 0 | |a agentúry |
| 610 | 2 | 0 | |a sponzorovanie |
| 610 | 2 | 0 | |a marketing priamy |
| 610 | 2 | 0 | |a podpora predaja |
| 610 | 2 | 0 | |a výskum trhu |
| 610 | 2 | 0 | |a poradenstvo |
| 610 | 2 | 0 | |a reprografia |
| 610 | 2 | 0 | |a výstavy |
| 610 | 2 | 0 | |a produkcia |
| 610 | 2 | 0 | |a tlač |
| 610 | 2 | 0 | |a Slovensko |